000 01463cam a2200385 a 4500
001 562558
003 OSt
005 20140310184439.0
008 890315s1990 cauaf j 000 1 eng
010 _a 89002208
020 _c0590980688
040 _aDLC
_cDLC
_dDLC
042 _alcac
050 0 0 _aPZ 7
_b.C4199Gr 1990
100 1 _aCherry, Lynne.
_927393
245 1 4 _aThe great kapok tree :
_ba tale of the Amazon rain forest /
_cby Lynne Cherry.
250 _a1st ed.
260 _aSan Diego :
_bHarcourt Brace Jovanovich,
_cc1990.
300 _a[36] p. of plates :
_bchiefly col. ill. ;
_c29 cm.
500 _a"Gulliver books."
500 _aA col. map inserted.
520 _aThe many different animals that live in a great kapok tree in the Brazilian rainforest try to convince a man with an ax of the importance of not cutting down their home.
521 _aG4
526 _c670
650 1 _aConservation of natural resources
_xFiction.
_927394
650 1 _aRain forests
_xFiction.
_927395
650 1 _aEcology
_xFiction.
_927396
650 1 _aKapok
_xFiction.
_927397
650 1 _aJungle animals
_xFiction.
_927398
856 4 2 _3Publisher description
_uhttp://www.loc.gov/catdir/description/har021/89002208.html
856 4 2 _3Contributor biographical information
_uhttp://www.loc.gov/catdir/enhancements/fy1003/89002208-b.html
906 _a7
_bcbc
_corignew
_d1
_eocip
_f19
_gy-gencatlg
942 _2lcc
_cBK-SCHOLAS
999 _c34437
_d34437